Women in Islam: (Record no. 2311)

MARC details
000 -LEADER
fixed length control field 008300000a22002410004500
003 - CONTROL NUMBER IDENTIFIER
control field LK-CoMWRAF
005 - DATE AND TIME OF LATEST TRANSACTION
control field 20240107182604.0
008 - FIXED-LENGTH DATA ELEMENTS--GENERAL INFORMATION
fixed length control field 230817t1981 ||||| |||| 00| 0 eng d
020 ## - INTERNATIONAL STANDARD BOOK NUMBER
International Standard Book Number 1558760539
040 ## - CATALOGING SOURCE
Original cataloging agency LK-CoMWRAF
Modifying agency LK-CoMWRAF
Description conventions LK-CoMWRAF
041 ## - LANGUAGE CODE
Language code of text/sound track or separate title English
082 ## - DEWEY DECIMAL CLASSIFICATION NUMBER
Classification number 305.4091
Item number WAL
942 ## - ADDED ENTRY ELEMENTS (KOHA)
Koha item type Books
100 ## - MAIN ENTRY--PERSONAL NAME
Personal name Walther, Wiebke
700 ## - ADDED ENTRY--PERSONAL NAME
Personal name Salt, C.S.V.
Relator Term translator
242 ## - TRANSLATION OF TITLE BY CATALOGING AGENCY
Title Frau im Islam
245 ## - TITLE STATEMENT
Title Women in Islam:
Remainder of title from medieval to modern times
260 ## - PUBLICATION, DISTRIBUTION, ETC. (IMPRINT)
Place of publication, distribution, etc. Princeton:
Name of publisher, distributor, etc. Markus Wiener Publishers,
Date of publication, distribution, etc. 1981
300 ## - PHYSICAL DESCRIPTION
Extent 281 p. : ill. ; 24 cm
520 ## - SUMMARY, ETC.
Summary, etc. The issue of both urban and rural women in Islam from a largely historical standpoint, focusing on the central Islamic countries, i.e., the Arab world, Turkey, Iran and Mughal India
650 ## - SUBJECT ADDED ENTRY--TOPICAL TERM
Topical term or geographic name as entry element Muslim women- History
650 ## - SUBJECT ADDED ENTRY--TOPICAL TERM
Topical term or geographic name as entry element Islamic art
Holdings
Withdrawn status Lost status Damaged status Not for loan Permanent Location Current Location Date acquired Full call number Barcode Koha item type
        Resource center, Muslim Women's Research And Action Forum Resource center, Muslim Women's Research And Action Forum 2023-08-17 305.4091 WAL RAF4451 Books

Copyright © 2023 Muslim Women's Research and Action Forum (MWRAF), No 27/3, Anderson Road, Kalubowila, Dehiwela. Funded by The Asia Fundation